000 00729nam a2200289Ia 4500
003 GCL
008 140319s9999 xx 000 0 eng d
040 _aGCL /
_cGCL
082 0 4 _a624.152
_bJ C
100 1 _aJHA, JANARDAN
245 1 0 _aCONSTRUCTION AND FOUNDATION ENGINEERING /
_cJHA, JANARDAN
700 1 _aSINHA, S.K.
260 _a[S.N] :
_bKHANNA PUBLISHERS ،
_c1983
300 _a994 P
650 0 4 _aالتحليل الرياضى
650 0 4 _aMATERIALS
650 0 4 _aBUILDINGS
650 0 4 _aCIVIL ENGINEERING
650 0 4 _aWINDOWS
650 0 4 _aBUILDING
650 0 4 _aCONSTRUCTION ENGINEERING
650 0 4 _aFOUNDATION
650 0 4 _aFLOORS
650 0 4 _aROOFS
650 0 4 _aDOORS
942 _2ddc
_cBK
999 _c20075
_d20075